书目信息 |
| 题名: |
最新实用英语应用能力考试模拟 (实考) 试题集
|
|
| 作者: | 石玉洁 主编 | |
| 分册: | ||
| 出版信息: | 合肥 中国科学技术大学出版社 2007.04 |
|
| 页数: | 210页 | |
| 开本: | 26cm | |
| 丛书名: | ||
| 单 册: | ||
| 中图分类: | H319.6 | |
| 科图分类: | ||
| 主题词: | 英语--ying yu--高等学校--习题 | |
| 电子资源: | ||
| ISBN: | 978-7-312-02060-5 | |
| 000 | 01187nam0 2200277 450 | |
| 001 | 012008742819 | |
| 005 | 20080430113450.70 | |
| 010 | @a978-7-312-02060-5@dCNY19.00 (含光盘) | |
| 016 | @aCN-E16-0002-0@b光盘 | |
| 100 | @a20080430d2007 em y0chiy0120 ea | |
| 101 | 0 | @achi@aeng |
| 102 | @aCN@b340000 | |
| 105 | @ay z 000yy | |
| 106 | @ar | |
| 200 | 1 | @a最新实用英语应用能力考试模拟 (实考) 试题集@Azui xin shi yong ying yu ying yong neng li kao shi mo ni(shi kao)shi ti ji@d= The latest practical English model tests for colleges@f石玉洁主编@Fshi yu jie zhu bian@zeng |
| 205 | @a第2版 | |
| 210 | @a合肥@c中国科学技术大学出版社@d2007.04 | |
| 215 | @a210页@d26cm@e光盘1片 | |
| 330 | @a本书根据《高等学校英语应用能力考试大纲》和《高职高专教育英语课程教学基本要求》编写,由模拟试题、听力材料、参考答案及详解、实考试题组成。 | |
| 510 | 1 | @aLatest practical English model tests for colleges@zeng |
| 517 | 1 | @a英语应用能力考试模拟实考试题集@Aying yu ying yong neng li kao shi mo ni shi kao shi ti ji |
| 606 | 0 | @a英语@Aying yu@x高等学校@j习题 |
| 690 | @aH319.6@v4 | |
| 701 | 0 | @a石玉洁@Ashi yu jie@4主编 |
| 801 | 0 | @aCN@bQSSK@c20080430 |
| 905 | @b299845-47@dH319.6@eS547@f3 | |
| 最新实用英语应用能力考试模拟 (实考) 试题集= The latest practical English model tests for colleges/石玉洁主编.-第2版.-合肥:中国科学技术大学出版社,2007.04 |
| 210页;26cm+光盘1片 |
| ISBN 978-7-312-02060-5:CNY19.00 (含光盘) |
| 本书根据《高等学校英语应用能力考试大纲》和《高职高专教育英语课程教学基本要求》编写,由模拟试题、听力材料、参考答案及详解、实考试题组成。 |
| ● |
| 相关链接 |
|
|
|
正题名:最新实用英语应用能力考试模拟 (实考) 试题
索取号:H319.6/S547
 
预约/预借
| 序号 | 登录号 | 条形码 | 馆藏地/架位号 | 状态 | 备注 |
| 1 | 299845 | 202998453 | 语言库209/209语言库 57排7列2层/ [索取号:H319.6/S547] | 在馆 | |
| 2 | 299846 | 202998462 | 语言库209/209语言库 57排7列2层/ [索取号:H319.6/S547] | 在馆 | |
| 3 | 299847 | 202998471 | 语言库209/209语言库 57排7列2层/ [索取号:H319.6/S547] | 在馆 |